| 000 | 02102pam a22003854a 4500 | ||
|---|---|---|---|
| 001 | 5180781 | ||
| 003 | ARRUPE | ||
| 005 | 20140318125501.0 | ||
| 008 | 040512s2005 iluab b 001 0 eng | ||
| 010 | _a 2004011326 | ||
| 015 |
_aGBA481581 _2bnb |
||
| 016 | 7 |
_a013038983 _2Uk |
|
| 020 | _a0226029735 (hardcover : alk. paper) | ||
| 020 | _a0226029743 (pbk. : alk. paper) | ||
| 024 | 3 | 0 | _a9780226029740 |
| 035 | _a(OCoLC)ocm55502801 | ||
| 035 | _a(NNC)5180781 | ||
| 040 |
_aDLC _cDLC _dYDX _dUKM _dOrLoB-B _dNNC |
||
| 042 | _apcc | ||
| 043 | _af-sa--- | ||
| 050 | 0 | 0 |
_aBF1584.S6 _bA84 2005 |
| 082 | 0 | 0 |
_a133.4/3/0968221 _222 |
| 100 | 1 |
_aAshforth, Adam. _99138 |
|
| 245 | 1 | 0 |
_aWitchcraft, violence, and democracy in South Africa / _cAdam Ashforth. |
| 260 |
_aChicago : _bUniversity of Chicago Press, _c2005. |
||
| 300 |
_axx, 396 p. : _bill., 1 map ; _c24 cm. |
||
| 504 | _aIncludes bibliographical references (p. 331-386) and index. | ||
| 505 | 0 | 0 |
_g1. _tSpiritual insecurity and political power -- _g2. _tDimensions of insecurity in contemporary Soweto -- _g3. _tOn living in a world with witches -- _g4. _tFreedom, democracy, and witchcraft : Soweto in the 1990s -- _g5. _tOn believing, and not believing, in witchcraft -- _g6. _tPoison, medicine, and the power of secret knowledge -- _g7. _tDeath, pollution, and the dangers of dirt -- _g8. _tA brief history of the spirit world -- _g9. _tInvisible beings in everyday life -- _g10. _tVulnerabilities of the soul -- _g11. _tWitchcraft, violence, and justice -- _g12. _tDemocratic statecraft in a world of witches -- _gApp. 1. _tThe literature on Soweto - a brief excursus -- _gApp. 2. _tThe Thohoyandou Declaration on Ending Witchcraft Violence, issued by the Commission on Gender Equality. |
| 650 | 0 |
_aWitchcraft _zSouth Africa _zSoweto. _99139 |
|
| 650 | 0 |
_aWitchcraft _xPolitical aspects _zSouth Africa _zSoweto. _99140 |
|
| 856 | 4 | 2 |
_3Publisher description _uhttp://www.loc.gov/catdir/description/uchi052/2004011326.html |
| 856 | 4 | 1 |
_3Table of contents _uhttp://www.loc.gov/catdir/toc/uchi051/2004011326.html |
| 900 | _bTOC | ||
| 942 |
_2lcc _cMONOGRAPH |
||
| 999 |
_c120215 _d120215 |
||